Introducción a la lógica
Libro introductorio del filósofo costarricense Luis Camacho Naranjo al campo de la lógica. Valorado por su claridad, la cual lo hace accesible a cualquier estudiante de la región que requiera de conocimientos lógicos para el desarrollo de su carrera. Los principales temas que lo componen son el razo...
Sábháilte in:
| Príomhchruthaitheoir: | |
|---|---|
| Formáid: | LEABHAR |
| Teanga: | Undetermined |
| Foilsithe / Cruthaithe: |
Cartago, Costa Rica
Editorial tecnológica de Costa Rica
1987
|
| Eagrán: | 2 |
| Ábhair: | |
| Clibeanna: |
Cuir clib leis
Níl clibeanna ann, Bí ar an gcéad duine le clib a chur leis an taifead seo!
|
MARC
| LEADER | 00000nam a2200000Ia 4500 | ||
|---|---|---|---|
| 008 | 170316s9999 xx 000 0 und d | ||
| 040 | |a cru BVZT | ||
| 090 | |a 100 C-6in | ||
| 100 | |a Camacho Naranjo, Luis |9 1985 | ||
| 245 | |a Introducción a la lógica |c / Luis Camacho Naranjo | ||
| 250 | |a 2 | ||
| 260 | |a Cartago, Costa Rica |b Editorial tecnológica de Costa Rica |c 1987 | ||
| 300 | |a 253 p. | ||
| 520 | |a Libro introductorio del filósofo costarricense Luis Camacho Naranjo al campo de la lógica. Valorado por su claridad, la cual lo hace accesible a cualquier estudiante de la región que requiera de conocimientos lógicos para el desarrollo de su carrera. Los principales temas que lo componen son el razonamiento, el lenguaje, las falacias informales y la deducción; con múltiples ejercicios entre cada sección. | ||
| 650 | |a FILOSOFÍA |9 5 | ||
| 650 | |a LÓGICA |9 121 | ||
| 650 | |a LÓGICA-MATEMÁTICA |9 1991 | ||
| 650 | |a SEMIÓTICA |9 187 | ||
| 650 | |a LENGUAJE |9 59 | ||
| 650 | |a RAZONAMIENTO |9 1986 | ||
| 650 | |a DEDUCCIÓN |9 1990 | ||
| 650 | |a FALACIAS |9 1992 | ||
| 650 | |a SILOGISMOS |9 1993 | ||
| 650 | |a CÁLCULO-PROPOSICIONAL |9 1994 | ||
| 650 | |a CUANTIFICACIÓN-SIMPLE |9 1995 | ||
| 942 | 0 | 0 | |0 2 |2 z |c 15 D |
| 999 | |c 15970 |d 15970 | ||
